A casa da mosca fosca (Registo nº 6074)

Detalhes MARC
000 -Etiqueta do registo
Valores 01024nam a2200313 4500
010 ## - Número ISBN
ISBN 9789728781187
021 ## - Número do Depósito Legal
Número 387352/15
100 ## - Dados gerais de processamento
Dados gerais 20211231d2015 bc|y0pory50030103ba
200 1# - Titulo e menção de responsabilidade
Título próprio A casa da mosca fosca
Primeira menção de responsabilidade adapt. Eva Mejuto
Outras menções de responsabilidade il. Sergio Mora
-- trad. Dora Isabel Batalim
205 ## - Menção da edição
Edição 6ª ed
210 #9 - Publicação
Local de publicação Matosinhos
Nome do editor Kalandraka
Data de publicação 2015
215 ## - Descrição física 
Paginação / Volumes [34] p.
Outras indicações físicas muito il.
Dimensões 23 cm
225 2# - Colecção 
Título próprio da colecção Livros para sonhar
300 ## - Notas gerais 
Texto da nota Ler+ Plano Nacional de Leitura
304 ## - Nota relativa ao título
Texto de nota T�it. orig.: A casa da mosca chosca
606 ## - Nome comum usado como assunto
ID Autoridade 14
Palavra de ordem Literatura infantil
606 ## - Nome comum usado como assunto
ID Autoridade 13
Palavra de ordem Literatura Estrangeira
675 ## - CDU
Notação 82-93
Edição BN
Língua por
675 ## - CDU
Notação 821.134.4-93"19/20"
Edição BN
Língua por
675 ## - CDU
Notação 821.1/.8
Edição BN
Língua por
702 ## - Autor secundário (pessoa individual)
Apelido Mejuto
Nome Eva
ID Autoridade 5781
702 ## - Autor secundário (pessoa individual)
Apelido Mora
Nome Sergio
ID Autoridade 5782
702 ## - Autor secundário (pessoa individual)
Apelido Batalim
Nome Dora Isabel
ID Autoridade 3846
801 #0 - Fonte de origem
País PT
Agência BN
Regras de catalogação RPC
830 ## - Notas gerais do catalogador
Criado por Ana Caetano
Data de criação 31/12/2021
856 41 - Localização e acesso electrónico 
URL <a href="http://rnod.bnportugal.gov.pt/ImagesBN/winlibimg.aspx?skey=&doc=1910080&img=65182&save=true">http://rnod.bnportugal.gov.pt/ImagesBN/winlibimg.aspx?skey=&doc=1910080&img=65182&save=true</a>
990 ## - Elementos KOHA
Tipo de documento Livro
Exemplares
Situação do levantamento Biblioteca de origem Código de barras Cota Permissão de empréstimo Tipo de documento Forma de aquisição
  Biblioteca Municipal de Vendas Novas 100000000401 LI EST/MEJ   Livro  

Powered by Koha